HRD in Banking Sector: (Record no. 188334)

MARC details
000 -LEADER
fixed length control field 00606nam a22001817a 4500
005 - DATE AND TIME OF LATEST TRANSACTION
control field 20220519102324.0
010 ## - LCCN (DPL NO)
LC control number ENG-132687
020 ## - INTERNATIONAL STANDARD BOOK NUMBER
International Standard Book Number 9788180482632
Terms of availability 895.00
035 ## - SYSTEM CONTROL NUMBER
System control number EN-116219
037 ## - SOURCE OF ACQUISITION
Source of stock number/acquisition DBAD/PUB
082 ## - DEWEY DECIMAL CLASSIFICATION NUMBER
Classification number 332.1230683
100 ## - MAIN ENTRY--PERSONAL NAME
Personal name Jain, Sapna
245 ## - TITLE STATEMENT
Title HRD in Banking Sector:
Remainder of title Its Impact on the Performance of Knowledge Workers/
Statement of responsibility, etc Sapna Jain
260 ## - PUBLICATION, DISTRIBUTION, ETC. (IMPRINT)
Place of publication, distribution, etc Chandigarh
Name of publisher, distributor, etc Arun Publishing House Pvt. Ltd
Date of publication, distribution, etc 2014
270 ## - ADDRESS
Address SCO 49-51, Sector 17C
City Chandigarh
Electronic mail address arunpublishing@gmail.com
Postal code 160017
300 ## - PHYSICAL DESCRIPTION
Extent 286p.
Dimensions 23cm(hbk)
942 ## - ADDED ENTRY ELEMENTS (KOHA)
Source of classification or shelving scheme Dewey Decimal Classification
Item type English Books
Classification part 332.120683
Call number suffix JAI
Holdings
Withdrawn status Lost status Not for loan Collection code Home library Current library Date acquired Source of acquisition Cost, normal purchase price Full call number Barcode Copy number Cost, replacement price Koha item type
      Non-fiction Patel Nagar Patel Nagar 19/05/2022 DBAD/PUB 895.00 332.120683 JAI EN-116219 1 895.00 English Books

© Delhi Public Library
Hit Counter
free hit counter